[Event "ESP-chT2 Gr2"]
[Site "Burguillos"]
[Date "2009.08.06"]
[Round "2"]
[White "Gomez Rebollo, Alfonso Carlos"]
[Black "Lorenzo Grande, Jorge"]
[Result "0-1"]
[WhiteElo "2163"]
[BlackElo "2022"]
[PlyCount "136"]
[EventDate "2009.08.05"]
[EventType "team-swiss"]
[EventRounds "6"]
[EventCountry "ESP"]
[SourceTitle "CBM 131 Extra"]
[Source "ChessBase"]
[SourceDate "2009.09.03"]
[SourceVersion "2"]
[SourceVersionDate "2009.09.16"]
[SourceQuality "1"]

1. e4 d6 2. d4 Nf6 3. Nc3 e5 4. Nf3 Nbd7 5. Bc4 h6 6. 0-0 Be7 7. a4 0-0 8. a5 c6 9. Qe2 Qc7 10. Rd1 Re8 11. h3 Nf8 12. d5 Ng6 13. Bb3 c5 14. Ba4 Rf8 15. a6 bxa6 16. Bc6 Rb8 17. b3 Ne8 18. g4 Qd8 19. Kh2 Bg5 20. Nxg5 hxg5 21. Be3 Qf6 22. Rf1 Nf4 23. Bxf4 exf4 24. Qd2 f3 25. Rg1 Qe5+ 26. Rg3 Nf6 27. Re1 Rb4 28. Qd3 g6 29. Qxf3 Kg7 30. Kg2 Bd7 31. Bxd7 Nxd7 32. Qe3 a5 33. f3 Qf4 34. Kf2 c4 35. Na2 Rb7 36. Rb1 Rc8 37. b4 axb4 38. Rxb4 Rxb4 39. Nxb4 Ne5 40. Qxf4 gxf4 41. Rg1 a5 42. Nc6 Nxc6 43. dxc6 Rxc6 44. Ra1 Rc5 45. Ke2 Kf6 46. h4 Ke5 47. c3 d5 48. exd5 Rxd5 49. Rd1 Rb5 50. Rd4 Rb2+ 51. Kd1 a4 52. Kc1 Rf2 53. Rxc4 a3 54. Ra4 a2 55. Ra5+ Kd6 56. h5 gxh5 57. gxh5 Rxf3 58. h6 Rxc3+ 59. Kb2 Rh3 60. Kxa2 f6 61. Rf5 Rxh6 62. Rxf4 Ke5 63. Ra4 f5 64. Kb2 Rc6 65. Rb4 f4 66. Ra4 f3 67. Ra1 f2 68. Rh1 Ke4 0-1

[Event "Extremadura-chT"]
[Site "Spain"]
[Date "2009.03.21"]
[Round "9.2"]
[White "Macias Rodriguez, Joaquin"]
[Black "Lorenzo Grande, Jorge"]
[Result "0-1"]
[WhiteElo "1891"]
[BlackElo "2008"]
[PlyCount "62"]
[EventDate "2009.01.17"]
[EventType "team-swiss"]
[EventRounds "9"]
[EventCountry "ESP"]
[SourceTitle "EXT 2011"]
[Source "ChessBase"]
[SourceDate "2010.11.26"]
[SourceVersion "1"]
[SourceVersionDate "2010.11.26"]
[SourceQuality "1"]
[WhiteTeam "Almendralejo"]
[BlackTeam "Ateneo Cacereno"]
[WhiteTeamCountry "ESP"]
[BlackTeamCountry "ESP"]

1. c4 Nf6 2. Nc3 d6 3. Nf3 c6 4. g3 g6 5. d4 Bg7 6. Bg2 Nbd7 7. 0-0 0-0 8. Rb1 a5 9. a3 Nb6 10. Nd2 e5 11. d5 cxd5 12. cxd5 Qc7 13. e4 Bd7 14. a4 Rfc8 15. Qb3 Qc5 16. Nf3 Qb4 17. Qxb4 axb4 18. Nb5 Bxb5 19. axb5 Nxe4 20. Nxe5 Nxg3 21. hxg3 Bxe5 22. b3 Rc5 23. Rd1 Rxb5 24. Be3 Nd7 25. Rdc1 Bc3 26. Rd1 Ne5 27. Bg5 Kf8 28. Kf1 Rba5 29. Be3 f5 30. Bb6 Ra2 31. Bf3 Nxf3 0-1

[Event "Extremadura-chT"]
[Site "Spain"]
[Date "2009.03.14"]
[Round "8.2"]
[White "Lorenzo Grande, Jorge"]
[Black "Escobar Felix, Eduardo"]
[Result "0-1"]
[WhiteElo "2008"]
[BlackElo "2148"]
[PlyCount "80"]
[EventDate "2009.01.17"]
[EventType "team-swiss"]
[EventRounds "9"]
[EventCountry "ESP"]
[SourceTitle "EXT 2011"]
[Source "ChessBase"]
[SourceDate "2010.11.26"]
[SourceVersion "1"]
[SourceVersionDate "2010.11.26"]
[SourceQuality "1"]
[WhiteTeam "Ateneo Cacereno"]
[BlackTeam "Merida Patrimonio"]
[WhiteTeamCountry "ESP"]
[BlackTeamCountry "ESP"]

1. e4 c5 2. c3 g6 3. Nf3 Bg7 4. d3 Nc6 5. Nbd2 d6 6. g3 Nf6 7. Bg2 0-0 8. a4 Bd7 9. 0-0 Rc8 10. Qe2 a6 11. Rd1 Qc7 12. Nf1 b5 13. axb5 axb5 14. Nh4 b4 15. Ne3 Ra8 16. Bd2 b3 17. f4 Ra2 18. Rab1 Rfa8 19. g4 R8a6 20. g5 Ne8 21. f5 Qa7 22. Nc4 Ne5 23. fxg6 hxg6 24. Nxe5 Bxe5 25. Qf2 Ra1 26. Rf1 Be6 27. Rxa1 Rxa1 28. Be1 Bg7 29. Bh3 Qd7 30. Qxf7+ Bxf7 31. Bxd7 Rb1 32. Nf3 Rxb2 33. Bd2 Rc2 34. d4 cxd4 35. cxd4 Bc4 36. Rc1 b2 37. Re1 Bxd4+ 38. Kg2 Bc3 39. Bxe8 Bxd2 40. Ba4 Rc1 0-1

[Event "Extremadura-chT"]
[Site "Spain"]
[Date "2009.02.07"]
[Round "4.1"]
[White "Lorenzo Grande, Jorge"]
[Black "Garcia Ortega Mendez, Jose Manuel"]
[Result "0-1"]
[WhiteElo "2008"]
[BlackElo "2255"]
[PlyCount "120"]
[EventDate "2009.01.17"]
[EventType "team-swiss"]
[EventRounds "9"]
[EventCountry "ESP"]
[SourceTitle "EXT 2011"]
[Source "ChessBase"]
[SourceDate "2010.11.26"]
[SourceVersion "1"]
[SourceVersionDate "2010.11.26"]
[SourceQuality "1"]
[WhiteTeam "Ateneo Cacereno"]
[BlackTeam "Santa Isabel"]
[WhiteTeamCountry "ESP"]
[BlackTeamCountry "ESP"]

1. Nf3 c5 2. b3 Nf6 3. Bb2 e6 4. e3 Nc6 5. Be2 d5 6. d3 Bd6 7. Nbd2 0-0 8. e4 d4 9. c3 Bc7 10. cxd4 cxd4 11. Rc1 e5 12. 0-0 Be6 13. Ng5 Bc8 14. Ba3 Re8 15. b4 h6 16. Ngf3 Be6 17. b5 Na5 18. Bb4 a6 19. a4 axb5 20. axb5 Bd6 21. Bc5 Bxc5 22. Rxc5 Nd7 23. Rc2 Qb6 24. Qb1 Qd6 25. Rfc1 b6 26. Rc7 Nc5 27. Rc6 Nxc6 28. bxc6 Qc7 29. h3 Ba2 30. Qb4 Qxc6 31. Ne1 Be6 32. Bd1 Qd6 33. Rb1 Red8 34. Kf1 Rab8 35. Ndf3 f5 36. Nd2 fxe4 37. dxe4 Bf7 38. Nef3 Bg6 39. Bb3+ Nxb3 40. Qxb3+ Bf7 41. Qb5 Re8 42. Re1 Qa3 43. Rb1 Qc5 44. Qxc5 bxc5 45. Rxb8 Rxb8 46. Nxe5 Rb2 47. Ke1 Rc2 48. Kd1 Rc3 49. Nb1 Bb3+ 50. Ke2 Rc2+ 51. Kf3 Rb2 52. Na3 Bd1+ 53. Kf4 Rxf2+ 54. Kg3 Re2 55. Nac4 Rxe4 56. Nd7 d3 57. Nd2 Re3+ 58. Kf4 Re2 59. Nc4 d2 60. Nxc5 Bc2 0-1

[Event "Extremadura-ch"]
[Site "Badajoz"]
[Date "2007.06.10"]
[Round "7"]
[White "Lorenzo Grande, Jorge"]
[Black "Garcia Ortega Mendez, Jose Manuel"]
[Result "1/2-1/2"]
[WhiteElo "1934"]
[BlackElo "2102"]
[PlyCount "44"]
[EventDate "2007.06.02"]
[EventType "swiss"]
[EventRounds "7"]
[EventCountry "ESP"]
[SourceTitle "EXT 2008"]
[Source "ChessBase"]
[SourceDate "2007.11.25"]
[SourceVersion "1"]
[SourceVersionDate "2007.11.25"]
[SourceQuality "1"]

1. e4 e5 2. Nf3 Nc6 3. Bb5 a6 4. Ba4 Nf6 5. 0-0 Be7 6. Bxc6 dxc6 7. Qe1 Bd6 8. d4 Nd7 9. dxe5 Nxe5 10. Nxe5 Bxe5 11. Nc3 0-0 12. f4 Bd6 13. e5 Bc5+ 14. Be3 Bxe3+ 15. Qxe3 Bf5 16. Rad1 Qe7 17. Qe2 Qe6 18. h3 Qg6 19. Rf3 Rad8 20. Rc1 Rd4 21. Qe3 Rfd8 22. Rf2 h5 1/2-1/2

[Event "Extremadura-ch"]
[Site "Badajoz"]
[Date "2007.06.09"]
[Round "6"]
[White "Cilleruelo Garcia, Jaime"]
[Black "Lorenzo Grande, Jorge"]
[Result "1/2-1/2"]
[WhiteElo "2099"]
[BlackElo "1934"]
[PlyCount "46"]
[EventDate "2007.06.02"]
[EventType "swiss"]
[EventRounds "7"]
[EventCountry "ESP"]
[SourceTitle "EXT 2008"]
[Source "ChessBase"]
[SourceDate "2007.11.25"]
[SourceVersion "1"]
[SourceVersionDate "2007.11.25"]
[SourceQuality "1"]

1. e4 e5 2. Nf3 Nf6 3. d4 Nxe4 4. dxe5 d5 5. exd6 Nxd6 6. Bd3 Be7 7. 0-0 0-0 8. Nc3 Nc6 9. Nd5 Bg4 10. Re1 Bf6 11. c3 Ne5 12. Be2 Ng6 13. Nxf6+ Qxf6 14. Bg5 Qf5 15. Be3 Nf4 16. Bxf4 Qxf4 17. Qd2 Qxd2 18. Nxd2 Bxe2 19. Rxe2 Rfe8 20. Rae1 Kf8 21. Kf1 Rxe2 22. Rxe2 Re8 23. Rxe8+ Kxe8 1/2-1/2

[Event "Extremadura-ch"]
[Site "Badajoz"]
[Date "2007.06.09"]
[Round "5"]
[White "Figuero Toro, Julian Francisco"]
[Black "Lorenzo Grande, Jorge"]
[Result "1-0"]
[WhiteElo "2249"]
[BlackElo "1934"]
[PlyCount "41"]
[EventDate "2007.06.02"]
[EventType "swiss"]
[EventRounds "7"]
[EventCountry "ESP"]
[SourceTitle "EXT 2008"]
[Source "ChessBase"]
[SourceDate "2007.11.25"]
[SourceVersion "1"]
[SourceVersionDate "2007.11.25"]
[SourceQuality "1"]

1. g3 f5 2. Bg2 Nf6 3. d3 d5 4. Nf3 e6 5. Nbd2 Be7 6. 0-0 d4 7. c3 dxc3 8. bxc3 Nc6 9. Qb3 Na5 10. Qa4+ c6 11. Ba3 Bxa3 12. Qxa3 b6 13. Ne5 Qc7 14. d4 Nd7 15. Ndc4 Nxe5 16. Nd6+ Kd8 17. dxe5 Rg8 18. Rfd1 Bd7 19. Rd2 g6 20. Rad1 Rg7 21. Nb5 1-0